Family, Life, Night or World TV Shows Quiz Stats

 Plays Quiz Updated Dec 12, 2017

Challenge
Share
Tweet
Embed
Score 0/40 Timer 06:00
5 Plays Today
Question Answer Wrong Answers
The Addams _____ (1964-1966)
John Astin, Carolyn Jones
Family
95.4%
Life
0.2%
Night
0.1%
World
0.1%
_____ Guy (1999-2003; 2005-present)
(animated) Seth MacFarlane, Mila Kunis
Family
95.3%
Life
0.2%
Night
0.3%
World
0.1%
Late _____ With David Letterman (1982-1993)
David Letterman, Paul Shaffer
Night
95.2%
Family
0.2%
Life
0.2%
World
0.1%
_____ Feud (1976-1985, 1988-present)
Richard Dawson, Steve Harvey
Family
95%
Life
0.2%
Night
0.4%
World
0.1%
Friday _____ Lights (2006-2011)
Kyle Chandler, Connie Britton
Night
95%
Family
0.3%
Life
0.2%
World
0.1%
Grounded For _____ (2001-2005)
Donal Logue, Megyn Price
Life
94.8%
Family
0.4%
Night
0.4%
World
0.1%
Get A _____ (1990-1992)
Chris Elliott, Bob Elliott
Life
94.7%
Family
0.6%
Night
0.2%
World
0.2%
_____ Ties (1982-1989)
Meredith Baxter, Michael J. Fox
Family
94.1%
Life
0.6%
Night
0.5%
World
0.4%
The Facts Of _____ (1979-1988)
Lisa Whelchel, Charlotte Rae
Life
94%
Family
0.7%
Night
0.3%
World
0.6%
Out Of This _____ (1987-1991)
Donna Pescow, Burt Reynolds
World
93.6%
Family
0.5%
Life
1.3%
Night
0.4%
The Partridge _____ (1970-1974)
Shirley Jones, David Cassidy
Family
93.6%
Life
0.9%
Night
0.6%
World
0.7%
The Simple _____ (2003-2007)
Paris Hilton, Nicole Richie
Life
93.5%
Family
0.9%
Night
0.3%
World
1.1%
Boy Meets _____ (1993-2000)
Ben Savage, William Daniels
World
93.2%
Family
1.2%
Life
1.2%
Night
0.2%
You Bet Your _____ (1950-1961)
Groucho Marx, George Fenneman
Life
93%
Family
1.4%
Night
0.3%
World
0.9%
In The Heat Of The _____ (1988-1995)
Carroll O'Connor, Alan Autry
Night
92.8%
Family
1%
Life
0.5%
World
1.4%
_____ Matters (1989-1998)
Reginald VelJohnson, Jaleel White
Family
92.7%
Life
2.4%
Night
0.2%
World
0.3%
The _____ And Times Of Grizzly Adams (1977-1978)
Dan Haggerty, Denver Pyle
Life
92.7%
Family
1.1%
Night
0.7%
World
1.2%
Family Game _____ (2010-2014)
Todd Newton, Burton Richardson
Night
92.5%
Family
0.5%
Life
1.5%
World
1.1%
_____ Affair (1966-1971)
Brian Keith, Sebastian Cabot
Family
92.3%
Life
0.7%
Night
1.2%
World
1.4%
Kolchak: The _____ Stalker (1974-1975)
Darren McGavin, Simon Oakland
Night
91.6%
Family
2.4%
Life
0.9%
World
0.6%
As the _____ Turns (1956-2010)
Kelley Menighan Hensley, Colleen Zenk
World
91.2%
Family
0.5%
Life
0.6%
Night
3.5%
All In The _____ (1971-1979)
Carroll O'Connor, Jean Stapleton
Family
90.4%
Life
0.9%
Night
2.3%
World
2.1%
Modern _____ (2009-present)
Ed O'Neill, SofĂ­a Vergara
Family
90.4%
Life
3.9%
Night
0.2%
World
1.2%
Kathy Griffin: My _____ on the D-List (2005-2010)
Kathy Griffin, Maggie Griffin
Life
89.6%
Family
2.2%
Night
2.4%
World
1.4%
Homicide: _____ on the Street (1993-1999)
Richard Belzer, Yaphet Kotto
Life
87.9%
Family
0.7%
Night
6.2%
World
0.7%
One _____ To Live (1968-2012)
Erika Slezak, Michael Easton
Life
87.8%
Family
0.3%
Night
7%
World
0.6%
Saturday _____ Live (1975-Present)
Don Pardo, Maya Rudolph, Kenan Thompson
Night
85.7%
Family
0.4%
Life
0.5%
World
9.3%
My So-Called _____ (1994-1995)
Bess Armstrong, Claire Danes
Life
85.2%
Family
9.7%
Night
0.1%
World
0.7%
A Different _____ (1987-1993)
Lisa Bonet, Kadeem Hardison
World
78.7%
Family
1.7%
Life
14.4%
Night
0.7%
The Real _____ (1992-present)
reality show
World
77.4%
Family
1.4%
Life
16.6%
Night
0.2%
Dave's _____ (1993-1997)
Harry Anderson, Zane Carney
World
76.3%
Family
6.1%
Life
12.1%
Night
1%
_____ Court (1984-1992)
Harry Anderson, John Larroquette
Night
75.1%
Family
18.3%
Life
1%
World
1.1%
Another _____ (1964-1999)
Victoria Wyndham, Constance Ford
World
70.8%
Family
1.6%
Life
15.9%
Night
7.1%
_____ Gallery (1970-1973)
Rod Serling
Night
69.4%
Family
13.5%
Life
4%
World
8.5%
Sports _____ (1998-2000)
Peter Krause, Felicity Huffman
Night
69.1%
Family
0.7%
Life
6.5%
World
19.1%
Mama's _____ (1983-1984, 1986-1990)
Vicki Lawrence, Ken Berry
Family
69.1%
Life
5%
Night
1.9%
World
19.5%
The Edge Of _____ (1956-1984)
Terry Davis, Tony Craig
Night
65.2%
Family
0.9%
Life
21.7%
World
7.6%
Fernwood 2 _____ (1977)
Martin Mull, Fred Willard
Night
46.9%
Family
15.4%
Life
16.9%
World
16.2%
My _____ And Welcome To It (1969-1970)
William Windom, Joan Hotchkis
World
41.8%
Family
7.5%
Life
46.3%
Night
0.2%
The Secret _____ of Alex Mack (1994-1998)
Larisa Oleynik, Meredith Bishop
World
13.7%
Family
0.5%
Life
81.5%
Night
0.2%

You're not logged in!

Compare scores with friends on all Sporcle quizzes.
OR
Log In

You Might Also Like...

Show Comments

Extras

Top Quizzes Today


Score Distribution

Your Account Isn't Verified!

In order to create a playlist on Sporcle, you need to verify the email address you used during registration. Go to your Sporcle Settings to finish the process.

Report this User

Report this user for behavior that violates our Community Guidelines.

Details: